Les 10 desserts préférés des français - 2021 - Statistiques

Statistiques générales
  • Ce quiz a été pris 760 fois
  • Le résultat moyen est 4 sur 10
Statistiques - réponses
Rang Réponses % Correct
6_ Tiramisu
66%
3_ Mousse au chocolat
52%
5_ Tarte aux pommes
47%
1_ Fondant au chocolat
39%
7_ Crème brulée
38%
10_ Fraisier
36%
4_ Ile flottante
35%
2_ Crêpes
34%
9_ Tarte aux fraises
28%
8_ Profiteroles
19%
Aucun quiz correspondant
Distribution des résultats
% des personnes avec chaque résultat
Percentile par nombre de réponses
Votre historique - résultats
Vous n’avez pas pris ce quiz